000 00540cam a22002171 4500
001 sa 65004666
003 DLC
005 20260227112132.0
008 940606s1964 ii 000 1 malo
010 _asa 65004666
025 _aPL480:I-Mal-634
035 _a(OCoLC)30562677
040 _aDLC
_cCU
_dCU
_dDLC
042 _apremarc
050 0 0 _aPL4718.9.L4
_bV4
100 1 _aLekshmanan, K. R.
245 1 0 _aVeḷiccaṃ maṅṅiya viḷakkȧ.
260 _a[Trichur?
_c1964]
300 _a72 p.
_c19 cm.
500 _aIn Malayalam.
999 _c63877
_d63877